| 000 | 01566nam a22003614a 4500 | ||
|---|---|---|---|
| 001 | 36923 | ||
| 003 | BD-RjUL | ||
| 005 | 20211209052546.0 | ||
| 008 | 140923s2009 maua b 001 0 eng | ||
| 020 | _a9780763753153 | ||
| 020 | _a0763753157 | ||
| 035 | _a(BD-RjUL) | ||
| 040 |
_aDNLM/DLC _cDLC _dNLM _dBAKER _dBTCTA _dYDXCP _dC#P _dBWX _dDLC _dBD-RjUL _beng |
||
| 041 | _aeng | ||
| 060 | 0 | 0 | _a2008 E-902 |
| 060 | 1 | 0 |
_aWA 950 _bG873c 2009 |
| 082 | 0 | 0 |
_a614.4 _222 _bGRC 2009 |
| 100 | 1 |
_aGrobbee, D. E. _9112738 |
|
| 245 | 1 | 0 |
_aClinical epidemiology : _bprinciples, methods, and applications for clinical research / _cDiederick E. Grobbee, Arno W. Hoes. |
| 260 |
_aSudbury, Mass. : _bJones and Bartlett Publishers, _cc2009. |
||
| 300 |
_axxii, 413 p. : _bill. ; _c23 cm. |
||
| 504 | _aIncludes bibliographical references (p. 357-379) and index. | ||
| 505 | 0 | _aEtiologic research -- Diagnostic research -- Prognostic research -- Intervention research: intended effects -- Intervention research: side effects -- Design of data collection -- Cohort and cross-sectional studies -- Case-control studies -- Randomized trials -- Meta-analyses -- Clinical epidemiologic data analysis. | |
| 650 | 0 |
_aClinical epidemiology. _9112739 |
|
| 650 | 1 | 2 |
_aEpidemiologic Methods. _9112740 |
| 650 | 2 | 2 |
_aEpidemiologic Factors. _9112741 |
| 650 | 2 | 2 |
_aPrognosis. _9112742 |
| 700 | 1 |
_aHoes, Arno W. _9112743 |
|
| 856 | 4 | 1 |
_3Table of contents only _uhttp://www.loc.gov/catdir/toc/ecip086/2007050241.html |
| 942 |
_2ddc _cBK |
||
| 999 |
_c36923 _d36923 |
||